| 000 | 00817nam0a2200265 4500 | ||
|---|---|---|---|
| 001 | RU\NLR\BIBL_A\011912932 | ||
| 005 | 20250626151057.0 | ||
| 010 | _910000 | ||
| 035 | _a(NLR Aleph) 011912932 | ||
| 090 |
_a13420524 _c13420524 |
||
| 100 | _a20190118d1987 |||y0rusy50 ca | ||
| 101 | 0 | _aaze | |
| 102 | _aAZ | ||
| 105 | _ay z 000 y | ||
| 200 | 1 |
_aАраз саһилиндә _eһекаjәләр _fҸәфәр Мүҹири |
|
| 210 |
_aБакы _cJазычы _d1987 |
||
| 215 |
_a72 с. _d16 |
||
| 541 | 1 |
_aНа берегу Аракса _eрассказы |
|
| 686 | 1 | _aШ6(2=Аз)7-4 | |
| 700 | 1 |
_aМүҹири _bҸ. _gҸәфәр _4070 |
|
| 790 | 1 |
_aМуджири _bД. М. _gДжафар Мамедгусейн оглы _4070 |
|
| 852 |
_aNLR _bОНЛ _jАзерб./2-21935 |
||
| 942 | _cBOOK | ||
| 980 | _aNB | ||